1763 1035 1932 1673 1807 1296 1308 1794 1632 1591 1019 1718 1438 1976 1824 1097 1836 1148 1438 1499 1332 1077 1716 1884 1820 1024 1411 1029 1441 1307 1018 1852 1537 1622 1821 1221 1917 1795 1168 1980 1153 1827 1746 1414 1862 1451 1125 1735 1303 1639 1477 1278 1157 1025 1751 1313 1009 1470 1997 1942 1606 1738 1696 1394 1829 1123 1893 1699 1474 1376 1730 1129 1830 1494 1483 1684 1829 1820 1895 1524 1247 1029 1049 1189 1454 1748 1254 1924 1476 1911 1854 1046 1017 1206 1080 1636 1379 1467 1395 BCNSPRNW ULIB Ver.6.0+V

เปลี่ยนเป็นภาษาไทย

Change to English
 แสดงรายละเอียดบรรณานุกรม
  กลับหน้าหลัก

Brief Record : Get Marc (ISO 2709) : E-mail record : QR code < ปิดหน้าต่าง
LEADER : 00000nam 2200000uu 4500
001    13399114587
003     ULIB
008    120418s2553||||th 000 0 tha d
020    ^a9786167349053
090    ^aนว.^bอ955M 2553
100 0  ^aแอมเฟตามีน
245 00 ^aMars ปาฏิหาริย์รัก ล็อกหัวใจนายมาดกวน/^cแอมเฟตามีน
250    ^aพิมพ์ครั้งที่ 1
260    ^aกรุงเทพฯ :^bอมรินทร์ บุ๊ค เซ็นเตอร์,^c2553
300    ^a240 หน้า
710 1  ^aอมรินทร์ บุ๊ค เซ็นเตอร์
945    ^p180^l0^i17074
995    ^aกัณชพร
999    ^aใช้งานได้ทุกระบบ
รายการนี้ยังไม่มีแท็ก
คุณยังไม่ได้ล็อกอิน คุณสามารถมีกิจกรรมร่วมกับเว็บไซต์ได้ แต่ต้องล็อกอินก่อน ::
  ล็อกอิน

รายการสื่อสารสนเทศ

ลำดับที่ ประเภท เลขเรียก/บาร์โค้ด สถานที่ สถานะ
1. นวนิยาย
นวนิยาย
นว. อ955M 2553  
  Barcode: 17074
ห้องสมุดวิทยาเขตสวรรค์ประชารักษ์
►นวนิยาย
บนชั้น
  ขอยืม

รายการใกล้เคียง
    ผู้แต่ง [แอมเฟตามีน]

BibComment


ยังไม่เคยถูกคอมเมนท์

คอมเมนท์ทรัพยากรรายการนี้
  คอมเมนท์: Mars ปาฏิหาริย์ร..


 Copyright 2026. Bcnsprnw @Library